Statystyki dla 15 krajów o największej liczbie zgonów Covid19 - 17 mar 2021

Kliknij tutaj aby rozwiązać quiz!

Ogólne statystyki

  • Ten quiz został rozwiązany 24 razy
  • Średni wynik to 11 z 24

Statystyki odpowiedzi

kraj% Poprawnych
Stany Zjednoczone
96%
Niemcy
83%
Rosja
83%
Brazylia
78%
Włochy
78%
Hiszpania
74%
Francja
70%
Meksyk
65%
Argentyna
61%
Indie
61%
Wielka Brytania
61%
Portugalia
48%
Czechy
39%
Kolumbia
35%
Republika
Południowej Afryki
35%
Belgia
30%
Peru
30%
Iran
26%
Słowacja
26%
Węgry
22%
Bośnia i Hercegowina
13%
Słowenia
13%
Bułgaria
9%
Macedonia Północna
4%

Rozkład punktacji

Percentyl według liczby udzielonych odpowiedzi

Procent ludzi z każdym wynikiem

Twoja historia wyników

Nie rozwiązałeś tego quizu